[Event "Wch U20 Girls 37th"]
[Site "New Delhi"]
[Date "2019.10.23"]
[Round "9"]
[White "Du Plessis, Anika"]
[Black "Reid, Caitlin"]
[Result "1-0"]
[WhiteElo "1594"]
[BlackElo "1489"]
[PlyCount "57"]
[EventDate "2019.10.15"]
[EventType "swiss"]
[EventRounds "11"]
[EventCountry "IND"]
[SourceTitle "CBM 192 Extra"]
[Source "Chessbase"]
[SourceDate "2019.11.06"]
[SourceVersion "1"]
[SourceVersionDate "2019.11.06"]
[SourceQuality "1"]

1. e4 c5 2. Nf3 d6 3. d4 cxd4 4. Nxd4 Nf6 5. Nc3 g6 6. Be2 Bg7 7. 0-0 Nc6 8. Be3 0-0 9. f4 e6 10. Ndb5 Ne8 11. Qd2 a6 12. Nd4 Nc7 13. Nf3 Qe7 14. Rad1 Rd8 15. Qe1 b5 16. a3 Bb7 17. Qf2 Na5 18. f5 Nc4 19. Bxc4 bxc4 20. fxg6 fxg6 21. Bg5 Bf6 22. Bxf6 Qxf6 23. Qb6 Rdc8 24. Qxb7 Rab8 25. Qc6 Rxb2 26. Qxc4 Rxc2 27. Nd4 Rxc3 28. Qxc3 Qd8 29. Rc1 1-0

[Event "EU-ch U18 Girls 26th"]
[Site "Prague"]
[Date "2016.08.27"]
[Round "9"]
[White "Reid, Caitlin"]
[Black "Ajanovic, Berina"]
[Result "1-0"]
[WhiteElo "1439"]
[BlackElo "1377"]
[PlyCount "55"]
[EventDate "2016.08.18"]
[EventType "swiss"]
[EventRounds "9"]
[EventCountry "CZE"]
[SourceTitle "CBM 174 Extra"]
[Source "ChessBase"]
[SourceDate "2016.10.10"]
[SourceVersion "1"]
[SourceVersionDate "2016.10.10"]
[SourceQuality "1"]

1. e4 c5 2. Nf3 Nc6 3. c3 Nf6 4. e5 Nd5 5. d4 cxd4 6. cxd4 e6 7. Nc3 Nxc3 8. bxc3 d6 9. Bf4 Qa5 10. Qd2 Qc7 11. Bd3 Bd7 12. 0-0 dxe5 13. Nxe5 Bd6 14. Qe2 Bxe5 15. dxe5 Ne7 16. c4 0-0 17. Rab1 Ng6 18. Bg3 Bc6 19. h4 Qe7 20. h5 Nh4 21. Be4 Qg5 22. Rb3 f5 23. f4 Qe7 24. Bxc6 bxc6 25. Qf2 Nxg2 26. Qxg2 Qc5+ 27. Bf2 Qxc4 28. Be3 1-0

[Event "EU-ch U18 Girls 26th"]
[Site "Prague"]
[Date "2016.08.25"]
[Round "7"]
[White "Reid, Caitlin"]
[Black "Pilsan, Martha"]
[Result "1-0"]
[WhiteElo "1439"]
[BlackElo "1640"]
[PlyCount "38"]
[EventDate "2016.08.18"]
[EventType "swiss"]
[EventRounds "9"]
[EventCountry "CZE"]
[SourceTitle "CBM 174 Extra"]
[Source "ChessBase"]
[SourceDate "2016.10.10"]
[SourceVersion "1"]
[SourceVersionDate "2016.10.10"]
[SourceQuality "1"]

1. e4 e5 2. Nf3 Nc6 3. d4 exd4 4. Bc4 Nf6 5. e5 Ng4 6. Bxf7+ Kxf7 7. Ng5+ Kg8 8. Qxg4 h6 9. Nf3 d6 10. Qg3 Qe8 11. Bf4 dxe5 12. Bxe5 Nb4 13. Na3 Bf5 14. 0-0 Nxc2 15. Nxc2 Bxc2 16. Rac1 Qa4 17. Rfe1 c5 18. b3 Qa5 19. Re2 Bf5 1-0

[Event "EU-ch U18 Girls 26th"]
[Site "Prague"]
[Date "2016.08.22"]
[Round "5"]
[White "Reid, Caitlin"]
[Black "Gur, Tuba"]
[Result "0-1"]
[WhiteElo "1439"]
[BlackElo "1717"]
[PlyCount "66"]
[EventDate "2016.08.18"]
[EventType "swiss"]
[EventRounds "9"]
[EventCountry "CZE"]
[SourceTitle "CBM 174 Extra"]
[Source "ChessBase"]
[SourceDate "2016.10.10"]
[SourceVersion "1"]
[SourceVersionDate "2016.10.10"]
[SourceQuality "1"]

1. e4 c5 2. Nf3 Nc6 3. c3 d5 4. e5 Bg4 5. d4 e6 6. Be2 cxd4 7. cxd4 Bb4+ 8. Nc3 Qa5 9. Qd2 Nge7 10. a3 Bxf3 11. Bxf3 Nf5 12. 0-0 Nfxd4 13. Qd3 Bxc3 14. bxc3 Nxf3+ 15. Qxf3 Nxe5 16. Qg3 Ng6 17. h4 h5 18. Bb2 Rc8 19. Rfe1 Qc7 20. Qd3 Qc4 21. Qe3 Nxh4 22. Rad1 Qg4 23. Qg3 Kd7 24. c4 Rxc4 25. Rc1 Qxg3 26. fxg3 Rxc1 27. Rxc1 Nf5 28. Kf2 Rc8 29. Rb1 Rc2+ 30. Kf3 b6 31. Be5 f6 32. Bb8 Rc3+ 33. Kf4 g5# 0-1

[Event "Gilbert Cup"]
[Site "Daventry"]
[Date "2016.07.18"]
[Round "3.4"]
[White "Green, Emily"]
[Black "Reid, Caitlin"]
[Result "1-0"]
[WhiteElo "1688"]
[BlackElo "1471"]
[PlyCount "63"]
[EventDate "2016.07.17"]
[EventType "team-tourn"]
[EventRounds "5"]
[EventCountry "ENG"]
[SourceTitle "CBM 173 Extra"]
[Source "ChessBase"]
[SourceDate "2016.08.29"]
[SourceVersion "1"]
[SourceVersionDate "2016.08.29"]
[SourceQuality "1"]
[WhiteTeam "England (W) II"]
[BlackTeam "Scotland (W)"]
[WhiteTeamCountry "ENG"]
[BlackTeamCountry "SCO"]

1. e4 c5 2. Nf3 g6 3. d4 cxd4 4. Nxd4 Bg7 5. Be3 Nc6 6. Nc3 Nf6 7. Bc4 0-0 8. Bb3 a6 9. f3 e6 10. Qd2 b5 11. 0-0-0 Bb7 12. g4 Qc7 13. h4 Rfd8 14. Nxc6 dxc6 15. Qf2 Nd7 16. Ne2 c5 17. c3 a5 18. h5 c4 19. Bc2 b4 20. Bd4 Bxd4 21. Rxd4 Ne5 22. Rhd1 Rab8 23. hxg6 fxg6 24. Rxd8+ Rxd8 25. Rxd8+ Qxd8 26. Nd4 Qf6 27. Qg3 Kg7 28. g5 Nd3+ 29. Bxd3 Qe7 30. Qe5+ Kg8 31. Bxc4 bxc3 32. Bxe6+ 1-0

[Event "Gilbert Cup"]
[Site "Daventry"]
[Date "2016.07.18"]
[Round "4.4"]
[White "Reid, Caitlin"]
[Black "Graham, Cassie M"]
[Result "0-1"]
[WhiteElo "1471"]
[BlackElo "1866"]
[PlyCount "53"]
[EventDate "2016.07.17"]
[EventType "team-tourn"]
[EventRounds "5"]
[EventCountry "ENG"]
[SourceTitle "CBM 173 Extra"]
[Source "ChessBase"]
[SourceDate "2016.08.29"]
[SourceVersion "1"]
[SourceVersionDate "2016.08.29"]
[SourceQuality "1"]
[WhiteTeam "Scotland (W)"]
[BlackTeam "England (W)"]
[WhiteTeamCountry "SCO"]
[BlackTeamCountry "ENG"]

1. e4 c5 2. Nf3 d6 3. b3 Nc6 4. Bb2 Nf6 5. Bc4 Nxe4 6. Nc3 Nf6 7. 0-0 e6 8. Re1 Be7 9. h3 0-0 10. Ne2 d5 11. Bd3 Nb4 12. Nf4 Nxd3 13. Nxd3 Ne4 14. Nf4 Bf6 15. Bxf6 Qxf6 16. Nh5 Qd8 17. Ne5 Qg5 18. f4 Qh4 19. Rxe4 dxe4 20. Kh2 g6 21. g3 Qxh5 22. Ng4 f5 23. Ne5 Qxd1 24. Rxd1 Rd8 25. d3 exd3 26. Nxd3 b6 27. Re1 0-1

[Event "Gilbert Cup"]
[Site "Daventry"]
[Date "2016.07.17"]
[Round "1.1"]
[White "Reid, Caitlin"]
[Black "Camp, Imogen AL"]
[Result "1/2-1/2"]
[WhiteElo "1471"]
[BlackElo "1726"]
[PlyCount "60"]
[EventDate "2016.07.17"]
[EventType "team-tourn"]
[EventRounds "5"]
[EventCountry "ENG"]
[SourceTitle "CBM 173 Extra"]
[Source "ChessBase"]
[SourceDate "2016.08.29"]
[SourceVersion "1"]
[SourceVersionDate "2016.08.29"]
[SourceQuality "1"]
[WhiteTeam "Scotland (W)"]
[BlackTeam "Wales (W)"]
[WhiteTeamCountry "SCO"]
[BlackTeamCountry "WLS"]

1. e4 e5 2. Nf3 Nc6 3. d4 exd4 4. Bc4 Bc5 5. c3 Nf6 6. e5 d5 7. exf6 dxc4 8. fxg7 Rg8 9. 0-0 Rxg7 10. Qe2+ Be6 11. Re1 Qd5 12. Nbd2 0-0-0 13. b4 Bb6 14. Bb2 Bh3 15. g3 dxc3 16. Bxc3 Bd4 17. Rac1 Bxc3 18. Rxc3 Nxb4 19. Nxc4 Bg4 20. Nce5 Re8 21. Re3 Bxf3 22. Nxf3 Rxe3 23. Qxe3 Nc6 24. a3 Rg8 25. Qf4 a6 26. h4 Qh5 27. Ng5 Nd8 28. Kg2 Qg6 29. Rc1 Qb6 30. Nxf7 Kb8 1/2-1/2

[Event "SCO-ch 123rd"]
[Site "Glasgow"]
[Date "2016.07.09"]
[Round "1"]
[White "Brown, Ken A"]
[Black "Reid, Caitlin"]
[Result "1-0"]
[WhiteElo "1796"]
[BlackElo "1471"]
[PlyCount "57"]
[EventDate "2016.07.09"]
[EventType "swiss"]
[EventRounds "9"]
[EventCountry "SCO"]
[SourceTitle "CBM 173 Extra"]
[Source "ChessBase"]
[SourceDate "2016.08.29"]
[SourceVersion "1"]
[SourceVersionDate "2016.08.29"]
[SourceQuality "1"]

1. e4 c5 2. Nf3 Nc6 3. d4 cxd4 4. Nxd4 g6 5. Nc3 Bg7 6. Be3 Nf6 7. f3 d5 8. Nxc6 bxc6 9. e5 Nd7 10. f4 e6 11. Qd2 Nb6 12. 0-0-0 0-0 13. h4 Re8 14. h5 Bf8 15. hxg6 fxg6 16. Qf2 c5 17. Bxc5 Bxc5 18. Qxc5 Bb7 19. Qf2 Rc8 20. Ne4 Re7 21. Nf6+ Kh8 22. Qh4 Qc7 23. Bd3 Nc4 24. Bxg6 Nxb2 25. Bxh7 Kg7 26. Qh6+ Kh8 27. Bg6+ Rh7 28. Qxh7+ Qxh7 29. Rxh7# 1-0

[Event "Gilbert Cup"]
[Site "Enfield"]
[Date "2015.07.22"]
[Round "5.4"]
[White "Reid, Caitlin"]
[Black "Shepherd, Katherine M"]
[Result "0-1"]
[WhiteElo "1524"]
[BlackElo "1864"]
[PlyCount "80"]
[EventDate "2015.07.20"]
[EventType "team-tourn"]
[EventRounds "6"]
[EventCountry "IRL"]
[SourceTitle "CBM 167 Extra"]
[Source "ChessBase"]
[SourceDate "2015.09.14"]
[SourceVersion "1"]
[SourceVersionDate "2015.09.14"]
[SourceQuality "1"]
[WhiteTeam "Scotland (W)"]
[BlackTeam "England (W)"]
[WhiteTeamCountry "SCO"]
[BlackTeamCountry "ENG"]

1. e4 e6 2. d4 d5 3. Nc3 Nf6 4. Bd3 dxe4 5. Nxe4 Nbd7 6. Nf3 Nxe4 7. Bxe4 Nf6 8. Bd3 c5 9. Be3 Qc7 10. 0-0 Be7 11. Re1 0-0 12. c3 b6 13. Qd2 Bb7 14. Ne5 Be4 15. Bf4 Qb7 16. Bxe4 Nxe4 17. Qe3 Nf6 18. Qd3 Rfd8 19. Rac1 Qd5 20. Be3 Qxe5 21. dxe5 Rxd3 22. exf6 Bxf6 23. Rcd1 Rad8 24. Rxd3 Rxd3 25. g3 Kf8 26. Bf4 Ke7 27. Re4 b5 28. c4 b4 29. b3 Bd4 30. Kg2 f6 31. Bb8 Rd2 32. Bxa7 Rxf2+ 33. Kh3 Rxa2 34. Rxd4 cxd4 35. Bxd4 Kd6 36. Be3 Ra3 37. Kg4 Rxb3 38. Bb6 Kc6 39. c5 Rc3 40. h4 b3 0-1

[Event "Gilbert Cup"]
[Site "Enfield"]
[Date "2015.07.21"]
[Round "4.1"]
[White "Mirza, Diana"]
[Black "Reid, Caitlin"]
[Result "1-0"]
[WhiteElo "1735"]
[BlackElo "1524"]
[PlyCount "73"]
[EventDate "2015.07.20"]
[EventType "team-tourn"]
[EventRounds "6"]
[EventCountry "IRL"]
[SourceTitle "CBM 167 Extra"]
[Source "ChessBase"]
[SourceDate "2015.09.14"]
[SourceVersion "1"]
[SourceVersionDate "2015.09.14"]
[SourceQuality "1"]
[WhiteTeam "Ireland (W)"]
[BlackTeam "Scotland (W)"]
[WhiteTeamCountry "IRL"]
[BlackTeamCountry "SCO"]

1. e4 c5 2. Nf3 Nc6 3. Bb5 g6 4. Bxc6 dxc6 5. d3 Bg7 6. c3 Nf6 7. 0-0 Qc7 8. Nbd2 0-0 9. Qe2 Rd8 10. d4 cxd4 11. cxd4 b6 12. e5 Nd5 13. Ne4 c5 14. dxc5 Bxe5 15. cxb6 axb6 16. Nxe5 Qxe5 17. Qf3 Bf5 18. Ng3 Nb4 19. Bf4 Qxb2 20. Nxf5 gxf5 21. Rab1 Qd4 22. Qg3+ Kh8 23. Be5+ f6 24. Bxd4 Rxd4 25. Qc3 Rad8 26. Rxb4 R4d6 27. h3 Kg7 28. Rfb1 h5 29. Rxb6 Rd3 30. Qc7 R3d7 31. Qg3+ Kf7 32. Rb7 Rd2 33. Qc7 Re8 34. Re1 f4 35. Rxe7+ Rxe7 36. Qxe7+ Kg6 37. Qe4+ 1-0

[Event "Gilbert Cup"]
[Site "Enfield"]
[Date "2015.07.21"]
[Round "3.4"]
[White "Reid, Caitlin"]
[Black "Camp, Imogen AL"]
[Result "0-1"]
[WhiteElo "1524"]
[BlackElo "1551"]
[PlyCount "76"]
[EventDate "2015.07.20"]
[EventType "team-tourn"]
[EventRounds "6"]
[EventCountry "IRL"]
[SourceTitle "CBM 167 Extra"]
[Source "ChessBase"]
[SourceDate "2015.09.14"]
[SourceVersion "1"]
[SourceVersionDate "2015.09.14"]
[SourceQuality "1"]
[WhiteTeam "Scotland (W)"]
[BlackTeam "Wales (W)"]
[WhiteTeamCountry "SCO"]
[BlackTeamCountry "WLS"]

1. e4 e5 2. Nf3 Nc6 3. Nc3 Nf6 4. d4 exd4 5. Nxd4 Bb4 6. Nxc6 bxc6 7. Bd3 0-0 8. 0-0 d5 9. e5 Ng4 10. h3 Nxe5 11. Bxh7+ Kxh7 12. Qh5+ Kg8 13. Qxe5 Re8 14. Qh5 Bxc3 15. bxc3 Ba6 16. Rd1 Be2 17. f3 Bxd1 18. Bd2 Bxc2 19. Qg4 Bg6 20. h4 Qc8 21. Qg3 Qb7 22. Rd1 Qb2 23. a4 Qc2 24. Rf1 Qxd2 25. Qxc7 Qe3+ 26. Kh2 Qe5+ 27. Qxe5 Rxe5 28. g4 Rb8 29. Kg3 Rb2 30. h5 Bd3 31. Rc1 g5 32. Rd1 Ree2 33. Rg1 Rh2 34. f4 f6 35. fxg5 fxg5 36. Kf3 Be4+ 37. Ke3 c5 38. c4 Rbe2# 0-1

[Event "Gilbert Cup"]
[Site "Enfield"]
[Date "2015.07.20"]
[Round "1.4"]
[White "Shepherd, Katherine M"]
[Black "Reid, Caitlin"]
[Result "1-0"]
[WhiteElo "1864"]
[BlackElo "1524"]
[PlyCount "83"]
[EventDate "2015.07.20"]
[EventType "team-tourn"]
[EventRounds "6"]
[EventCountry "IRL"]
[SourceTitle "CBM 167 Extra"]
[Source "ChessBase"]
[SourceDate "2015.09.14"]
[SourceVersion "1"]
[SourceVersionDate "2015.09.14"]
[SourceQuality "1"]
[WhiteTeam "England (W)"]
[BlackTeam "Scotland (W)"]
[WhiteTeamCountry "ENG"]
[BlackTeamCountry "SCO"]

1. d4 Nf6 2. Nf3 e6 3. c4 c6 4. Nc3 d5 5. e3 b6 6. Bd3 Bd6 7. e4 dxe4 8. Nxe4 Nxe4 9. Bxe4 Bb7 10. 0-0 Nd7 11. Re1 0-0 12. Bg5 Qc7 13. Qe2 e5 14. dxe5 Nxe5 15. Nxe5 Bxe5 16. Bxh7+ Kxh7 17. Qxe5 Qxe5 18. Rxe5 f6 19. Re7 Ba6 20. Bh4 Bxc4 21. b3 Bd5 22. Rae1 a5 23. Rb7 Rfe8 24. Rxe8 Rxe8 25. f3 Kh6 26. Rxb6 Re2 27. a4 Rb2 28. Be1 Rxb3 29. Bxa5 Ra3 30. Bd2+ Kg6 31. a5 Kf5 32. Bb4 Ra2 33. Rb8 Ke5 34. Bc3+ Kf5 35. Rb7 g6 36. Rb2 Rxb2 37. Bxb2 c5 38. a6 c4 39. a7 Kf4 40. Kf2 f5 41. Bf6 g5 42. g3# 1-0